| 000 | 00383nam a2200145Ia 4500 | ||
|---|---|---|---|
| 008 | 150201s1997 xx 000 0 und d | ||
| 082 |
_a617.692 _bF1997S |
||
| 100 | _aSHILLINGBURG ,HERBERT | ||
| 245 | _aFUNDAMENTALS OF FIXED PROSTHODONTICS | ||
| 250 | _a3RD | ||
| 260 |
_bQUINTESSENCE PUBLICATION _aDELHI _c1997 |
||
| 300 | _a1-582 | ||
| 650 | _aPROSTHODONTICS | ||
| 942 |
_2ddc _cBK _02 |
||
| 999 |
_c3199 _d3199 |
||